Kybernetika a informatika 2012 [elektronický zdroj] : Zborník príspevkov; Medzinárodná konferencia SSKI a FEI STU. Skalka pri Kremnici, 31. január - 4. február 2012
Saved in:
| Other Authors: | , , |
|---|---|
| Format: | Book |
| Language: | English Slovak |
| Published: |
Bratislava :
Nakladateľstvo STU,
2012
|
| Tags: |
No Tags, Be the first to tag this record!
|
MARC
| LEADER | 00000nam a22000003a 4500 | ||
|---|---|---|---|
| 001 | stu243011 | ||
| 005 | 20230308140539.8 | ||
| 008 | 120207s2011------------------------eng-d | ||
| 020 | |a 978-80-227-3642-8 | ||
| 040 | |a STU |b slo | ||
| 041 | 0 | |a eng |a slo | |
| 100 | 1 | |a Kozák, Štefan |4 edt |u E010 |9 34 |T FEI Ústav riadenia a priemyselnej informatiky |X 1954 |U E010 |Y E010 |7 1954 | |
| 242 | 0 | 0 | |a Cybernetics and Informatics 2012 |y eng |b International Conference. Skalka pri Kremnici, Slovak Republic, January 31 - February 4, 2012 |
| 245 | 1 | |a Kybernetika a informatika 2012 [elektronický zdroj] : |b Zborník príspevkov; Medzinárodná konferencia SSKI a FEI STU. Skalka pri Kremnici, 31. január - 4. február 2012 | |
| 260 | |a Bratislava : |b Nakladateľstvo STU, |c 2012 | ||
| 300 | |a 110 s | ||
| 500 | |a Recenzované | ||
| 700 | 1 | |a Kozáková, Alena |4 edt |u E010 |9 33 |T FEI Ústav riadenia a priemyselnej informatiky |X 4939 |U E010 |Y E010 |7 A000004939 | |
| 700 | 1 | |a Rosinová, Danica |4 edt |u E010 |9 33 |T FEI Ústav riadenia a priemyselnej informatiky |X 4938 |U E010 |Y E010 |7 A000004938 | |
| 996 | |b 284EK88962 |c E*88962 |l EE0102 |s P |a 0 |w stu243011_0001 | ||
| 996 | |c I*Z6848 |l I |s A |a 24 |w stu243011_0002 | ||
| 996 | |b 284EO00292 |c E*O-292 |l EE0104 |s P |a 0 |w stu243011_0003 | ||